LEADER 01704nam a2200337 i 4500 001 000000150986 003 CaOOAMICUS 005 20060711000000.0 008 060711s2006 it u000 u ita u 013 $a128324 020 $a88-315-3026-7 040 $aSeMil$bita 245 10$aDio č amore :$bcommento e guida alla lettura dell'Enciclica Deus caritas est di Benedetto 16 /$cElena Lea Bartolini ... [et al.]. 260 $aMilano :$bPaoline,$c2006. 300 $a139 p. ;$c20 cm. 490 0 $aA proposito di...  ;$v1 650 4$aBenedetto XVI - Encicliche . Deus Caritas Est - Commentari e studi.$0(OLS)http://semarc/subject/17780 700 1 $aBartolini, Elena Lea.$0(OLS)http://semarc/name/12991 774 0 $aBartolini, Elena Lea$tAmore per Dio e l'amore per il prossimo.$w()308897 774 0 $aFabris, Rinaldo $tDio č amore.$w()308898 774 0 $aGuzzi, Marco <1955- >$tAmore e incarnazione.$w()308899 774 0 $aMaggi, Lidia$tPlasmati dall'amore.$w()308900 774 0 $aColmegna, Virginio <1945- >$tOperositā della Caritā.$w()308901 774 0 $aMartirani, Giuliana$tEsercizio concreto di giustizia e di pace.$w()308902 830 0$aA proposito di...  ;$v1.$0(OLS)http://semarc/title/21206 850 $aSeMil 852 $aSeMil$W1$xVenegono$y1$m2A I 61$j103041$B103041$CSeMilBibl$Z2$F112040 $81 961 $aAcquisto: Cittā Nuova (Agente) 996 $6020$a88-315-3026-7$9(OLS)http://semarc/number/140478 996 $6245$aDio č amore :$bcommento e guida alla lettura dell'Enciclica Deus caritas est di Benedetto 16$9(OLS)http://semarc/title/220697 996 $6260$aMilano :$bPaoline$9(OLS)http://semarc/publisher/29684 LEADER 01034nam a2200265 i 4500 001 000000127964 003 CaOOAMICUS 005 20070525000000.0 008 070525s1989 it u000 u ita u 013 $a100681 020 $a88-372-1372-7 040 $aSeMil$bita 100 1 $aMarinetti, Fausto,$c.$0(OLS)http://semarc/name/38792 245 10$aLettere dalla periferia della storia /$cFausto Marinetti. 260 $aBrescia :$bMorcelliana,$cCopyr. 1989. 300 $a245 p., [8] c. di tav. ;$c20 cm. 500 $aFondo card. C.M. Martini. 650 4$aBrasile - Chiesa.$0(OLS)http://semarc/subject/11245 850 $aSeMil 852 $aSeMil$W1$xVenegono$y1$m3E I 36$j82208$B82208$CSeMilBibl$Z2$F124634 $81 941 1 $a4 961 $aOmaggio: Martini Card. Carlo Maria 996 $6020$a88-372-1372-7$9(OLS)http://semarc/number/114496 996 $6245$aLettere dalla periferia della storia$9(OLS)http://semarc/title/188989 996 $6260$aBrescia :$bMorcelliana$9(OLS)http://semarc/publisher/29629